Statistics for Countries the Quizmaster has Visited

Click here to take the quiz!

General Stats

  • This quiz has been taken 15 times
  • The average score is 18 of 28

Answer Stats

Country% Correct
Australia
100%
Canada
100%
China
100%
France
100%
Spain
100%
United Kingdom
100%
United States
93%
Germany
86%
Japan
86%
Mexico
86%
Austria
79%
New Zealand
79%
Sweden
79%
Greece
71%
Italy
71%
Denmark
64%
Norway
64%
Ireland
57%
Netherlands
57%
Turkey
57%
Thailand
43%
Peru
36%
Monaco
29%
Taiwan
29%
Vatican City
29%
Costa Rica
14%
San Marino
14%
Tanzania
14%

Score Distribution

Percentile by Number Answered

Percent of People with Each Score

Your Score History

You have not taken this quiz